| 000 | 00625cam a22002171 4500 | ||
|---|---|---|---|
| 001 | 294407 | ||
| 005 | 20250721165734.0 | ||
| 008 | 721221s1969 ne c b 010 0 eng | ||
| 050 | 0 | 0 |
_aBS2395 _b.S4 |
| 082 | 0 | 0 | _a225.6 |
| 100 | _aVANDERWAAL CRONELLS | ||
| 245 | 0 | 0 |
_aSearch the scriptures. _bHebrews-Revelation |
| 250 | _bvol 10 | ||
| 260 |
_aOntario _bPaideia Press _c1969. |
||
| 300 | _a126p | ||
| 700 | 1 |
_aStamm, Raymond T. _q(Raymond Thomas), _d1894-1962. |
|
| 700 | 1 |
_aMyers, Jacob Martin, _d1904- _eed. |
|
| 700 | 1 |
_aReimherr, Otto, _d1917- _eed. |
|
| 700 | 1 |
_aBream, Howard N., _d1917-1985, _eed. |
|
| 942 |
_2lcc _cBK _n0 |
||
| 999 |
_c7074 _d7074 |
||